Cobra Kai Characters - Statistics

General Stats
  • This quiz has been taken 2,490 times
    690 since last reset
  • The average score is 13 of 15
Answer Stats
Actor Character % Correct
Ralph Macchio Daniel LaRusso
98%
Marvin Kove John Kreese
97%
Jacob Bertrand Eli "Hawk" Moskowitz
96%
Xolo Mariduena Miguel Diaz
96%
William Zabka Johnny Lawrence
95%
Mary Mouser Samantha LaRusso
95%
Tanner Buchanan Robby Keene
94%
Peyton List Tory Nichols
94%
Gianni DeCenzo Demetri Alexopoulos
86%
Thomas Ian Griffith Terry Silver
80%
Courtney Henggeler Amanda LaRusso
79%
Dallas Dupree Young Kenny Payne
76%
Griffin Santopietro Anthony LaRusso
68%
Vanessa Rubio Carmen Diaz
68%
Paul Walter Hauser Raymond "Stingray" Porter
53%
No matching quizzes found
Score Distribution
Percent of People with Each Score
Percentile by Number Answered
Your Score History
You have not taken this quiz since the last reset